| 000 | 00349nam a22001337a 4500 | ||
|---|---|---|---|
| 003 | SGT | ||
| 082 |
_a615 _bA08M |
||
| 100 | _aMINISTRY OF HEALTH & FAMILY WELFARE | ||
| 245 | _aTHE AYURVEDIC PHARMACOPIA OF INDIA-2 | ||
| 260 |
_aDELHI _bMINISTRY OF HEALTH & FAMILY WELFARE _c2008 |
||
| 300 | _a280 | ||
| 650 | _aAYURVEDA PHARMACOPIA | ||
| 942 |
_2ddc _cBK _01 |
||
| 999 |
_c8627 _d8627 |
||